[Event "Motorola-Exacaliburs"]
[Site "?"]
[Date "1999.01.12"]
[Round "?"]
[White "Melnikov, I"]
[Black "Leong, Phil"]
[Result "*"]
[WhiteElo "2060"]
[BlackElo "2011"]
[PlyCount "42"]
[EventDate "1999.??.??"]

{
I love this game (as far as it went)! Simple moves lead to a real barn-stormer!
} 1. d4 1... Nf6 2. c4 g6 3. Nc3 Bg7 4. Nf3 O-O 5. Bg5 { } 5... h6 6. Bd2 d6 7.
Qc1 7... Kh7 { } 8. Qc2 Nbd7 9. O-O-O c6 10. h4 10... h5 { } 11. Nh2 b5 12.
cxb5 cxb5 13. Nxb5 { } 13... Bb7 14. Nc3 Qb6 15. e3 15... Rfc8 { } 16. f3 Rab8
17. Kb1 17... a5 { } 18. Rg1 (18. g4 $2 18... hxg4 19. Nxg4 $4 19... Bxf3)
18... a4 19. Bd3 { } 19... a3 20. b3 20... Nd5 { at this point, White wanted
to call flag...but the clocks hadn't been set to 4:30 at the beginning! An
argument ensued, somehow the players came back to the board, and..} 21. Bc4 $4
21... Rxc4 {and the game was abandoned.} *

[Event "Motorola-Excaliburs"]
[Site "?"]
[Date "1999.01.12"]
[Round "?"]
[White "Goncharoff, Nic"]
[Black "Burian, Dave"]
[Result "1/2-1/2"]
[WhiteElo "1738"]
[BlackElo "1598"]
[PlyCount "38"]
[EventDate "1999.??.??"]

1. e4 e5 2. Nf3 Nc6 3. Bb5 Nf6 4. d3 d6 5. h3 Bd7 6. O-O a6 7. Ba4 Be7 8. Bg5
O-O 9. Nc3 h6 10. Bh4 b5 11. Bb3 Na5 12. Qe1 c5 13. Bxf6 Bxf6 14. Nd5 Nb7 15.
Nxf6+ Qxf6 16. Bd5 Rab8 17. a3 Rfc8 18. b3 Nd8 19. Qd2 Be6 1/2-1/2

[Event "Excaliburs-Motorola"]
[Site "?"]
[Date "1999.01.12"]
[Round "?"]
[White "Sullivan, Jim"]
[Black "Wallach, C"]
[Result "0-1"]
[WhiteElo "1945"]
[BlackElo "2055"]
[PlyCount "54"]
[EventDate "1999.??.??"]

1. d4 Nf6 2. c4 g6 3. Nc3 Bg7 4. Nf3 O-O 5. e3 d5 6. cxd5 Nxd5 7. Be2 c5 8. O-O
Nc6 9. Qb3 { } 9... Nxc3 10. bxc3 b6 11. Rd1 Qc7 12. h3 Rd8 13. Bb2 13... Bb7 {
} 14. a4 e5 15. Rac1 Rac8 16. Ng5 16... Qe7 {
Not just hitting Ng5, also looking to the loose Be2} 17. Nf3 exd4 18. cxd4
18... cxd4 { White needs to stop trades here, while only down a P} 19. Bxd4
Nxd4 20. Nxd4 Rxc1 21. Rxc1 21... Bxd4 { and Black won in 23 more moves} 22. a5
Qg5 23. g3 Bc5 24. Kh2 Rd2 25. Re1 Bf3 26. Bxf3 Rxf2+ 27. Kh1 27... Rxf3 {
Wh resigned move 45} 0-1

[Event "UOP-Exemplars"]
[Site "?"]
[Date "1999.01.14"]
[Round "?"]
[White "Stevanovic, Mike"]
[Black "Benesa, Arnulfo"]
[Result "1/2-1/2"]
[WhiteElo "2215"]
[BlackElo "2245"]
[PlyCount "75"]
[EventDate "1999.??.??"]

1. f4 Nf6 2. Nf3 g6 3. b3 Bg7 4. Bb2 O-O 5. e3 c5 6. Be2 Nc6 7. O-O b6 8. Ne5
Bb7 9. Bf3 Qc7 10. c4 d6 11. Nxc6 Bxc6 12. Qc2 Bxf3 13. Rxf3 e6 14. Nc3 Qb7 15.
a4 Rad8 16. Ne2 d5 17. Be5 Nh5 18. Bxg7 Nxg7 19. cxd5 Qxd5 20. d4 cxd4 21. Nxd4
Rc8 22. Qb2 e5 23. Nb5 a6 24. Na3 exf4 25. exf4 Rfe8 26. Nc4 Re6 27. Ne5 Nf5
28. Rd3 Qe4 29. Qd2 Kg7 30. Re1 Qa8 31. Rd7 Ne7 32. Ng4 Qc6 33. Qd4+ Kf8 34.
Rxe7 Kxe7 35. Qf6+ Kf8 36. Qh8+ Ke7 37. Qf6+ Kf8 38. Qh8+ 1/2-1/2

[Event "Exemplars-UOP"]
[Site "?"]
[Date "1999.01.14"]
[Round "?"]
[White "Inumerable, Florin"]
[Black "Buerger, Ed"]
[Result "1-0"]
[WhiteElo "2283"]
[BlackElo "2030"]
[PlyCount "51"]
[EventDate "1999.??.??"]

1. d4 Nf6 2. c4 e6 3. a3 c5 4. d5 b5 5. dxe6 fxe6 6. cxb5 Qa5+ 7. Nc3 Nd5 8.
Bd2 Nxc3 9. Bxc3 Qxb5 10. e4 Qc6 11. Qh5+ g6 12. Qg4 Rg8 13. Bc4 Bg7 14. e5 Na6
15. Nf3 Nc7 16. O-O Nd5 17. Bd2 Ba6 18. Rac1 Rb8 19. Bxa6 Qxa6 20. Rxc5 Rxb2
21. Rfc1 Bf8 22. Rc8+ Kf7 23. Qh4 h5 24. Qd8 Rb7 25. Bh6 g5 26. Qe8# 1-0

[Event "UOP-Exemplars"]
[Site "?"]
[Date "1999.01.14"]
[Round "?"]
[White "Sacks, David"]
[Black "Gazman, Burt"]
[Result "1/2-1/2"]
[WhiteElo "1835"]
[BlackElo "2089"]
[PlyCount "104"]
[EventDate "1999.??.??"]

1. Nf3 d6 2. g3 e5 3. d3 Be7 4. c4 h5 5. h4 Bg4 6. Bg2 Nc6 7. Be3 Nh6 8. Bxh6
Rxh6 9. Nbd2 Qd7 10. a3 f6 11. b4 Rh8 12. b5 Nd8 13. a4 Rg8 14. Ne4 d5 15. cxd5
Bb4+ 16. Kf1 Qxd5 17. Nh2 Qf7 18. Nxg4 hxg4 19. Qc2 Ne6 20. a5 Nd4 21. Qa4 Qe7
22. a6 b6 23. Nxf6+ Qxf6 24. Bxa8 Rf8 25. Rh2 Bc5 26. Rc1 Ke7 27. Be4 Ne6 28.
f3 Rd8 29. Kg2 Qh6 30. Rf1 Qe3 31. Qd1 Nd4 32. fxg4 Nxe2 33. Rf3 Qxe4 34. dxe4
Rxd1 35. Rh1 Rxh1 36. Kxh1 Nd4 37. Rf1 Nxb5 38. h5 Be3 39. Rf5 Ke6 40. Kg2 Bc5
41. g5 Nd6 42. h6 gxh6 43. gxh6 Nf7 44. h7 Nh8 45. g4 Be7 46. Kf3 Bf6 47. g5
Bg7 48. Kg4 Ng6 49. Rf1 Nf4 50. Rh1 Ng6 51. Rd1 Ke7 52. Kf5 Nh4+ 1/2-1/2

[Event "Exemplars-UOP"]
[Site "?"]
[Date "1999.01.14"]
[Round "?"]
[White "Weber, Len"]
[Black "Sajbel, Pat"]
[Result "1-0"]
[WhiteElo "2146"]
[BlackElo "1820"]
[PlyCount "109"]
[EventDate "1999.??.??"]

1. d4 f5 2. c4 Nf6 3. Nc3 e6 4. Bg5 b6 5. e4 fxe4 6. Nxe4 Bb4+ 7. Bd2 Bxd2+ 8.
Nxd2 Bb7 9. Ngf3 O-O 10. Bd3 c5 11. O-O Nc6 12. dxc5 bxc5 13. Ne4 Nxe4 14. Bxe4
d5 15. cxd5 Nb4 16. Qb1 exd5 17. Bxh7+ Kh8 18. Ne5 Rf6 19. f4 Nc6 20. Ng4 Rd6
21. Rf3 Nd4 22. Rh3 Ne2+ 23. Kh1 Nxf4 24. Bg8+ Kxg8 25. Qh7+ Kf8 26. Qf5+ Rf6
27. Rh8+ Kf7 28. Rxd8 Rxf5 29. Rd7+ Ke6 30. Rxb7 Rg5 31. h3 d4 32. Rd1 Kd6 33.
b4 Kc6 34. Rf7 Ne6 35. bxc5 Rxc5 36. Rd2 a5 37. Nf2 Rd8 38. Nd3 Rd7 39. Rf3 Ng5
40. Rf4 Rb5 41. Rc2+ Kb6 42. Re2 Rbd5 43. Ne5 Rc7 44. Nd3 Rc3 45. Rd2 Kb5 46.
h4 Ne6 47. Re4 Rd6 48. Re5+ Nc5 49. Kh2 a4 50. Rb2+ Kc6 51. Nb4+ Kd7 52. Nd5 a3
53. Rd2 Kc6 54. Rxd4 Rc2 55. Nb4+ 1-0

[Event "UOP-Exemplars"]
[Site "?"]
[Date "1999.01.14"]
[Round "?"]
[White "Boldingh, Ed"]
[Black "Sollano, Ely"]
[Result "0-1"]
[WhiteElo "1872"]
[BlackElo "1919"]
[PlyCount "82"]
[EventDate "1999.??.??"]

1. e4 c5 2. Nf3 d6 3. d4 cxd4 4. c3 dxc3 5. Nxc3 e6 6. Bc4 Nc6 7. O-O Be7 8.
Qe2 a6 9. Rd1 Qc7 10. Bf4 Ne5 11. Bb3 Nf6 12. Rac1 Qa5 13. Bd2 Nxf3+ 14. Qxf3
Qh5 15. Qg3 O-O 16. Bf4 e5 17. Bg5 Qg6 18. Rd3 Nh5 19. Bxe7 Nxg3 20. Rxg3 Qh6
21. Bg5 Qh5 22. Bd1 Qg6 23. Nd5 Qxe4 24. Nf6+ gxf6 25. Bxf6+ Qg6 26. Rcc3 Bf5
27. h4 Rfc8 28. h5 Rxc3 29. hxg6 Rxg3 30. gxh7+ Kxh7 31. fxg3 Rc8 32. Bg5 Kg6
33. Bd2 Be6 34. a3 f5 35. Kf2 b5 36. Bc3 Kf6 37. Kf3 Rg8 38. Be2 d5 39. b4 d4
40. Bb2 Rc8 41. Bd3 e4+ 0-1

[Event "Exemplars-UOP"]
[Site "?"]
[Date "1999.01.14"]
[Round "?"]
[White "Friske, Tom"]
[Black "Lechtnick, Jay"]
[Result "0-1"]
[WhiteElo "1974"]
[BlackElo "1777"]
[PlyCount "112"]
[EventDate "1999.??.??"]

1. Nf3 d5 2. g3 Nc6 3. d4 e6 4. Bg2 Nf6 5. O-O Bd6 6. b3 { } 6... e5 {
spending an extra tempo, but assuring plenty of space for pieces} 7. dxe5 Nxe5
8. Bb2 8... Nxf3+ { } 9. exf3 $5 {hoping to use e5 and e-file} (9. Bxf3 Bh3 10.
Re1 {idea of e4}) 9... Be6 10. Nd2 Be7 11. f4 c6 12. Nf3 { } 12... Rg8 13. Qd4
Ne4 14. Rac1 14... Qb6 { } 15. Qxb6 axb6 16. a4 16... O-O-O { } 17. Nd4 $1 {
threatens to gain B-pair and undermine Ne5 with c4} 17... Bd7 18. c4 {
main threat: cd wins a P since Rc1 pins Pc6} 18... Kb8 19. cxd5 19... cxd5 {
White has a promising position, Black has active pieces} 20. Rfe1 Bb4 21. Re2
21... Rge8 { } 22. Nc2 {idea: Ne3-d5 & Rxe4} (22. Nb5 $5 22... Bxb5 23. axb5 { 
} 23... f6 (23... Rc8 $2 24. Be5+ Ka8 25. Ra1+ {White wins a piece}) 24. Rd1
Bc5 25. Bxe4 $2 25... dxe4 26. Rxd8+ Rxd8 27. Rxe4 Rd1+ 28. Kg2 Rd2) 22... Bf8
23. Be5+ 23... Ka7 { } 24. Ne3 (24. Bxe4 dxe4 (24... f6 25. Bxh7 fxe5 26. fxe5)
25. Rxe4 f6 26. Bc7 Rxe4 27. Bxd8) 24... Bc6 25. Nxd5 Bxd5 26. Bxe4 26... Bxb3
{ } 27. Rb1 (27. Rc7 Re7 (27... Bxa4 28. Rxb7+ Ka6 29. Rxf7) 28. Rxe7 Bxe7 29.
Bxg7) 27... Bd5 { } 28. Bc7 $4 {
worried about -f6 and totally miscalculated 28- Rxe4} (28. Bxd5 Rxd5 29. Reb2
Re6 30. Bc7 Bc5 31. a5 bxa5 32. Rxb7+ 32... Ka6 { } 33. Bxa5 Bxf2+ (33... Re2)
34. Kxf2 Rxa5 35. Rxf7) (28. Bxh7 g6 (28... f6 29. Bc7)) 28... Rxe4 {
now realized Be4 attacks Rb1} 29. Bxb6+ Ka6 30. Rd2 Rd7 31. Be3 Bc6 32. Rb6+
32... Ka5 { } 33. Rdb2 (33. Rxd7 Bxd7 34. Rxb7 Be6 35. Ra7+ 35... Kb4 { })
33... Rxe3 34. fxe3 Bc5 35. R6b3 Be7 36. Kf2 36... Bf8 { } 37. Ra2 Bd5 38. Rb5+
Ka6 39. Rd2 Bc6 40. Rxd7 Bxd7 41. Rb4 { } 41... b6 42. e4 Ka5 43. Rc4 Bxa4 44.
e5 Be7 45. Rc7 45... Bc5+ { saves f-Pawn, but keeps b-passer from moving} 46.
Ke2 $2 {to help stop b-Pawn, but White needs a passer to detract Bs} (46. Kf3 {
to help passer} 46... Bb3 47. f5 {as in game, except K better placed}) 46...
Bb3 {further blocking b-Pawn} 47. f5 Bg1 48. Kf1 (48. h4 Bd5) 48... Bc5 49. Ke2
49... g6 { } 50. e6 $6 (50. g4 gxf5 51. gxf5 51... Bd4 {
if 46 Kf3 had been played Ke4 would now be possible} (51... Bc2 52. Rxf7))
50... fxe6 51. f6 51... e5 { } 52. f7 (52. Rxh7 Bc4+ 53. Kd2 e4 54. f7 e3+ 55.
Kc3 e2) 52... Bb4 {if 46 Kf3, Ke4 here} 53. Kd3 b5 54. f8=Q 54... Bxf8 { } 55.
Rxh7 Bc5 56. Rg7 Ba2 0-1

[Event "UOP"]
[Site "?"]
[Date "1999.01.14"]
[Round "?"]
[White "Micklich, Frank"]
[Black "Schoonover, M"]
[Result "1-0"]
[WhiteElo "1625"]
[BlackElo "1340"]
[PlyCount "63"]
[EventDate "1999.??.??"]

1. e4 Nc6 2. Bc4 Nf6 3. d3 d5 4. exd5 Nxd5 5. Nf3 Bg4 6. Nc3 e6 7. Ne4 Be7 8.
c3 Ne5 9. Bb3 O-O 10. h3 Bxf3 11. gxf3 c5 12. Bc2 Qc7 13. f4 Ng6 14. Qg4 Ndxf4
15. Qf3 Rad8 16. Bd2 f5 17. Ng3 Bg5 18. O-O-O b5 19. Kb1 Rb8 20. Nh5 Ne5 21.
Bxf4 Bxf4 22. Qxf4 b4 23. d4 bxc3 24. Bb3 Qb6 25. dxe5 Rfc8 26. Qc4 Rc6 27.
Rhg1 a5 28. Rxg7+ Kf8 29. Rdd7 a4 30. Rgf7+ Kg8 31. Nf6+ Kh8 32. Rxh7# 1-0

[Event "Dragons-Fermi"]
[Site "?"]
[Date "1999.01.19"]
[Round "?"]
[White "Ludwig, T"]
[Black "Spiegel, L"]
[Result "1-0"]
[WhiteElo "2062"]
[BlackElo "2066"]
[PlyCount "77"]
[EventDate "1999.??.??"]

1. c4 Nf6 2. Nc3 g6 3. g3 Bg7 4. Bg2 O-O 5. e4 d6 6. Nge2 e5 7. O-O 7... Nc6 { 
} 8. d3 (8. d4 {might work} 8... exd4 9. Nxd4 Nxe4 10. Nxc6 Nxc3 11. Nxd8 Nxd1
12. Nxb7 { } 12... Nxb2 13. Bxb2 Bxb2 (13... Bxb7 14. Bxb7 Bxb2 15. Rab1 {
White up exchange for a Pawn}) 14. Rab1 Bf6 15. Nxd6 {White is exchange up})
8... a6 9. Bg5 h6 10. Bd2 10... Rb8 { } 11. Nd5 {
Too early.  Qc2 , Rc1 pressures Pc7} 11... Nxd5 12. cxd5 Ne7 13. Bc3 b5 14. Ba5
Qd7 15. Rc1 15... c5 { } 16. b4 Qa7 17. bxc5 dxc5 18. Qc2 { looking to Pc5}
18... Bg4 19. f3 {but this opens Qa7} (19. Rfe1 Rbc8) 19... c4+ 20. Kh1 Bd7 21.
dxc4 21... bxc4 { } 22. d6 (22. Qxc4 Rfc8 (22... Bb5 23. Qc2) 23. Qd3 Bb5 24.
Qd2 Rxc1 25. Rxc1 Qf2 26. Re1 { } 26... Nc8) 22... Nc6 23. Bc7 23... Be6 {
interesting exch sac} 24. Bxb8 Rxb8 25. Qd2 25... Nd4 { } 26. f4 Nxe2 27. Qxe2
exf4 28. gxf4 { normal compensation for the exchange is: 1 passer threatening
to queen, 2 connected passers or coordinated minors. Black has none of them
here and White has the d-pawn which can be protected by e5, blocking out Bg7.
If Black allows this, he'd be effectively a Rook down} 28... Bb2 29. f5 gxf5 (
29... Bxc1 30. fxe6 { } 30... Ba3 (30... fxe6 31. Rxc1 {and White is a piece up
}) 31. exf7+ Kg7 (31... Kf8 32. Qg4 g5 33. Qe6) 32. Qxc4 { idea of Qc3+}) 30.
exf5 Bxf5 31. Rxc4 { } 31... Be6 32. Rc2 Qd4 33. Rd1 Qa4 34. Rb1 Qxa2 35. Rcxb2
Qxb1+ 36. Rxb1 Rxb1+ 37. Bf1 Bh3 38. Qe8+ Kg7 39. Qe5+ { Kh7 allows  Qe4+ wins
R, Kg6/Kg8/Pf6 allow Qg3+ & QxB, and Kf8 allows Qh8 mate.} 1-0

[Event "Dragons-Fermi"]
[Site "?"]
[Date "1999.01.19"]
[Round "?"]
[White "Altshuller, D"]
[Black "Gaines, I"]
[Result "1-0"]
[WhiteElo "1828"]
[BlackElo "1761"]
[PlyCount "49"]
[EventDate "1999.??.??"]

1. e4 c5 2. Nf3 d6 3. d4 cxd4 4. Nxd4 Nf6 5. Nc3 a6 6. f4 Nbd7 7. a4 Nc5 8. e5
dxe5 9. fxe5 Nd5 10. Bc4 Nxc3 11. bxc3 e6 12. O-O Be7 13. Qg4 g6 14. Bh6 Rg8
15. Qf3 f5 16. exf6 Bxf6 17. Qxf6 Qxf6 18. Rxf6 Ke7 19. Raf1 Kd6 20. Bf8+ Ke5
21. Bxc5 Bd7 22. Bxe6 Bxa4 23. Bxg8 Rxg8 24. Rd6 Bxc2 25. Nxc2 1-0

[Event "Fermi-Dragons"]
[Site "?"]
[Date "1999.01.19"]
[Round "?"]
[White "Gomez, G"]
[Black "Eustace, D"]
[Result "1-0"]
[WhiteElo "1634"]
[BlackElo "1654"]
[PlyCount "75"]
[EventDate "1999.??.??"]

1. e4 e5 2. Nf3 Nc6 3. Bb5 a6 4. Ba4 Nf6 5. O-O Be7 6. Re1 b5 7. Bb3 O-O 8. c3
d5 9. exd5 9... Nxd5 { } 10. h3 {10 Ne5 is the Marshall Gambit} 10... Bb7 11.
d4 {11 d3 stops lines from opening immediately} 11... exd4 12. Nxd4 12... Bc5 {
} 13. Nxc6 Bxc6 14. Nd2 Qh4 15. Ne4 { Blacks pieces swarm} 15... Nxc3 $1 16.
bxc3 16... Bxe4 { } 17. Be3 (17. g3 $4 17... Qxg3+) 17... Bxe3 {trading away
the attackers. Bd6 pressures the other diagonal to K. Eventual f5-4 looks
interesting} 18. Rxe3 Rad8 19. Qe2 19... Bg6 {
Black has gained a P but lost the initiative.} 20. a4 c6 21. axb5 21... axb5 { 
} 22. Ra7 Kh8 23. Bxf7 $2 { } (23. Ree7) 23... Qf6 $2 (23... Bxf7 24. Ree7 (24.
Rxf7 $4 24... Rxf7 25. Re8+ Rf8) 24... Qf6) 24. Bxg6 Qxg6 25. Ree7 { } 25...
Rde8 26. Rf7 h6 27. Rxf8+ 27... Rxf8 { } 28. Re7 Qf6 29. Qe3 29... Rd8 { } 30.
Re6 30... Rd1+ $4 {the Rook is needed for backrank defense} 31. Kh2 Qf7 32.
Re8+ 32... Kh7 { } 33. Qe4+ Qg6 (33... g6 34. Re7) 34. Rh8+ $1 34... Kxh8 35.
Qxg6 Rc1 36. Qxc6 { } 36... b4 37. Qe8+ Kh7 38. cxb4 1-0

[Event "Pawns-Chargers"]
[Site "?"]
[Date "1999.01.21"]
[Round "?"]
[White "Mikulecky, B"]
[Black "Marcowka, R"]
[Result "0-1"]
[WhiteElo "1433"]
[BlackElo "2003"]
[PlyCount "74"]
[EventDate "1999.??.??"]

1. e4 e5 2. Nf3 Nc6 3. Bb5 a6 4. Bxc6 dxc6 5. d4 exd4 6. Qxd4 Qxd4 7. Nxd4 Ne7
8. O-O c5 9. Nf3 Nc6 10. a3 Bg4 11. Nh4 f6 12. f3 Be6 13. f4 Nd4 14. Rf2 Bc4
15. Nc3 O-O-O 16. b3 Nb5 17. Bb2 Bf7 18. Nxb5 axb5 19. e5 fxe5 20. fxe5 Be6 21.
a4 c4 22. axb5 Bc5 23. Ra8+ Kd7 24. Rxd8+ Rxd8 25. Nf3 Bxf2+ 26. Kxf2 cxb3 27.
Nd4 bxc2 28. Nxe6 Kxe6 29. b6 c5 30. Bc1 Rd1 31. g4 Rxc1 32. h4 Rd1 33. g5 c1=Q
34. g6 Rd2+ 35. Kf3 Qc3+ 36. Kg4 Rg2+ 37. Kh5 Qxe5# 0-1

[Event "Chargers-Pawns"]
[Site "?"]
[Date "1999.01.21"]
[Round "?"]
[White "Warren, J"]
[Black "Ellice, W"]
[Result "1/2-1/2"]
[WhiteElo "2122"]
[BlackElo "1963"]
[PlyCount "61"]
[EventDate "1999.??.??"]

1. d4 d5 2. c4 e6 3. Nc3 Nf6 4. Bg5 Be7 5. e3 O-O 6. Nf3 h6 7. Bh4 Ne4 8. Bxe7
Qxe7 9. cxd5 Nxc3 10. bxc3 exd5 11. Qb3 c6 12. Bd3 Be6 13. O-O Rc8 14. Rfb1 b6
15. c4 Nd7 16. a4 dxc4 17. Bxc4 Bxc4 18. Qxc4 a6 19. Rc1 Qe6 20. g3 Kf8 21. Kg2
Ke8 22. Nd2 Kd8 23. Qb4 c5 24. dxc5 Rxc5 25. Rxc5 bxc5 26. Qa5+ Ke7 27. Nf3 Rc8
28. Re1 Qc6 29. Qd2 Qxa4 30. Qd6+ Ke8 31. e4 1/2-1/2

[Event "Chargers-Pawns"]
[Site "?"]
[Date "1999.01.21"]
[Round "?"]
[White "Stamm, V"]
[Black "Logan, H"]
[Result "1-0"]
[WhiteElo "1607"]
[BlackElo "1258"]
[PlyCount "95"]
[EventDate "1999.??.??"]

1. d4 d5 2. Bf4 e6 3. e3 Nf6 4. Bd3 Be7 5. h3 Nc6 6. c3 O-O 7. Nf3 Nh5 8. Bh2
a6 9. Ne5 Nf6 10. O-O Qe8 11. Qc2 g6 12. Nd2 Bd6 13. Ndf3 b5 14. a3 Na5 15. Bf4
Kg7 16. Rfe1 c5 17. dxc5 Bxc5 18. b4 Bb6 19. bxa5 Bxa5 20. Nd4 Bb6 21. Qe2 Qe7
22. Nec6 Qc5 23. Rec1 e5 24. Bxe5 Re8 25. Qf3 Rxe5 26. Nxe5 Bc7 27. Ng4 Qd6 28.
Qxf6+ Qxf6 29. Nxf6 Kxf6 30. a4 bxa4 31. Rxa4 Bd7 32. Rxa6+ Rxa6 33. Bxa6 Bd6
34. f4 Ba3 35. Rb1 Bc5 36. Bb7 Be8 37. Bxd5 Kg7 38. Rb7 Ba3 39. Ne6+ Kf6 40.
Nd8 Be7 41. Rb8 Bd6 42. Rb6 Ke7 43. Nxf7 Bc5 44. Rb7+ Kf6 45. Kf2 Be7 46. g4
Ba3 47. g5+ Kf5 48. Nh6# 1-0

[Event "Chargers-Pawns"]
[Site "?"]
[Date "1999.01.21"]
[Round "?"]
[White "Dobr, K"]
[Black "Stinson, M"]
[Result "0-1"]
[WhiteElo "1485"]
[BlackElo "1952"]
[PlyCount "69"]
[EventDate "1999.??.??"]

1. d4 d5 2. c4 c5 3. dxc5 Nc6 4. cxd5 Ne5 5. e4 Nf6 6. Nc3 e6 7. d6 Bd7 8. f4
Nc6 9. Nf3 g6 10. e5 { } 10... Nd5 $2 11. Bd2 (11. Nxd5 exd5 12. Qxd5 {
Wh has won a third P, but...} 12... Nb4 13. Qd2 13... Qa5 {
threat: 14- Nc2+ 15 Kd1 Qxd2+ & Nxa1} (13... Bf5 $4 14. Qxb4) 14. Nd4 Qxc5)
11... Bg7 12. Nb5 O-O 13. Bc4 13... a6 { } 14. Bxd5 exd5 15. Nc7 Rb8 16. Nxd5 {
now Wh IS 3 Ps up!} 16... Bg4 { All trades favor Wh!} 17. O-O (17. Ne3 Be6 18.
O-O b6 19. b4) 17... f6 18. Bc3 (18. exf6 Bxf6 19. Nxf6+ { } 19... Qxf6 (19...
Rxf6 20. Bc3 Rxf4 21. Qd5+ Kf8 22. Ng5 {is easy}) 20. Bc3 { } 20... Qf7 (20...
Qxf4 $2 21. Qd5+ Rf7 22. Ng5) 21. Ne5 $1 21... Nxe5 (21... Bxd1 22. Nxf7 Rxf7 (
22... Be2 $4 23. Nh6#) 23. Raxd1) 22. fxe5 22... Qc4 {idea Qxc5+} (22... Bxd1
23. Rxf7 Rxf7 24. Rxd1 { and a center P will Q}) 23. Qb3 $1 {forces Qs off})
18... fxe5 19. Qb3 $1 19... Kh8 20. Nxe5 Nxe5 21. Bxe5 { } 21... Qa5 22. Bxg7+
Kxg7 23. Qc3+ Qxc3 24. Nxc3 { } 24... Rbc8 25. b4 a5 26. a3 Kf7 27. Rfe1 27...
Rfe8 { } 28. Nd5 Rxe1+ 29. Rxe1 Be6 30. Nc7 { } 30... Rxc7 31. dxc7 31... Bc8 {
} 32. bxa5 $2 {No need to ruin P structure} (32. Rd1 {idea Rd8 and c8(Q)})
32... h6 33. h3 h5 34. Kf2 h4 35. Rd1 { gotta believe White flagged!!} 0-1

[Event "Lburn-Bkami"]
[Site "?"]
[Date "1999.01.19"]
[Round "?"]
[White "Gates, E"]
[Black "Kogan, G"]
[Result "0-1"]
[WhiteElo "1813"]
[BlackElo "1854"]
[PlyCount "72"]
[EventDate "1999.??.??"]

1. e4 c5 2. Nf3 d6 3. d4 cxd4 4. Nxd4 Nf6 5. Nc3 a6 6. Be2 e6 7. Be3 Be7 8. Qd2
O-O 9. O-O-O 9... Bd7 { } 10. f3 Bc6 11. g4 11... e5 { } 12. Nb3 (12. Nf5 {
looks better.  NxB+ wins d-pawn  or keep it to support Kside attack (g6, Ng3
idea h2-4-5)}) 12... Nbd7 { } 13. g5 $2 {
Black can block the attack here.  h4-5 is natural} 13... Nh5 14. Nd5 {
Once again h4 is needed.  If then 15 Nd5, White can keep pressure on d-pawn
with Qd5} 14... Bxd5 15. exd5 { } 15... Nb8 {Where's this N headed?} 16. Rdg1
g6 17. h4 17... Nd7 { } 18. Qb4 Qc7 19. Nd2 Rac8 20. c3 { } 20... f5 $1 21.
gxf6 { } 21... Rxf6 $2 (21... Nhxf6 {attacks d-pawn, but..} 22. h5 {
Black's King is in trouble 22- Nh5? 23 RxN} (22. Bc4 b5 23. Bb3 23... Nb6 { }
24. Bxb6 24... Qxb6 {threat: a5-4})) (21... Ndxf6 $1 22. Bc4 b5 23. Bb3 23...
Rb8 { threat: a5-4}) 22. Bg5 Rf7 23. Bxe7 23... Rxe7 { } 24. Ne4 Nf4 25. Kd2 { 
} 25... Nc5 26. Nxc5 Qxc5 27. Qxc5 27... Rxc5 { it's over} 28. Bd1 {
28 c4 Nxe2 & 29- Rxc4} 28... Rxd5+ 29. Ke1 Kg7 30. h5 Nd3+ 31. Ke2 Nf4+ 32. Ke1
Nd3+ 33. Ke2 { } 33... e4 34. Bb3 exf3+ 35. Kxf3 35... Rf5+ { } 36. Kg2 Nf4+
0-1

[Event "Bkami-Lburn"]
[Site "?"]
[Date "1999.01.19"]
[Round "?"]
[White "Pararoan, E"]
[Black "Eaman, R"]
[Result "1-0"]
[WhiteElo "1731"]
[BlackElo "1650"]
[PlyCount "81"]
[EventDate "1999.??.??"]

1. e4 e6 2. Nf3 c5 3. Nc3 Nc6 4. a3 d5 5. exd5 exd5 6. d4 c4 7. Be2 Nf6 8. O-O
Be7 9. Ne5 O-O 10. b3 a6 11. f4 b5 12. Nxc6 Qc7 13. Nxe7+ Qxe7 14. Bf3 Qd6 15.
Re1 Be6 16. Bd2 Rad8 17. Ne2 Rfe8 18. Bb4 Qc7 19. a4 a5 20. Bc5 b4 21. Qc1 Nd7
22. c3 Nxc5 23. dxc5 Qxc5+ 24. Nd4 cxb3 25. Kh1 Bd7 26. Rxe8+ Rxe8 27. Qd2 Kf8
28. g4 h6 29. Kg2 Re7 30. h4 Qc8 31. Kg3 g6 32. Nb5 Bc6 33. Qd4 Kg8 34. Na7 Qd7
35. Nxc6 Qxc6 36. Qxd5 Qxd5 37. Bxd5 Re3+ 38. Bf3 Rd3 39. Rd1 Re3 40. Kf2 Re7
41. Rd4 1-0

[Event "Lburn-Bkami"]
[Site "?"]
[Date "1999.01.19"]
[Round "?"]
[White "Duffy, J"]
[Black "Fratts, D"]
[Result "1/2-1/2"]
[WhiteElo "1654"]
[BlackElo "1806"]
[PlyCount "60"]
[EventDate "1999.??.??"]

1. d4 Nf6 2. Nf3 e6 3. Bg5 Be7 4. Nbd2 d5 5. e3 b6 6. Bd3 Bb7 7. O-O Nbd7 8. c3
O-O 9. Qc2 c5 10. Rfe1 Rc8 11. Rad1 Re8 12. Qb1 h6 13. Bxf6 Bxf6 14. e4 cxd4
15. cxd4 dxe4 16. Bxe4 Qc7 17. Rc1 Bxe4 18. Nxe4 Qf4 19. Nxf6+ Nxf6 20. Rc3 Nd5
21. Rxc8 Rxc8 22. a3 Rc4 23. Qd1 Qc7 24. g3 Rc2 25. Qb1 Qc4 26. Kg2 Qb3 27. Rc1
Rxf2+ 28. Kxf2 Qe3+ 29. Kg2 Qe2+ 30. Kg1 Qe3+ 1/2-1/2

[Event "Bkami-Lburn"]
[Site "?"]
[Date "1999.01.19"]
[Round "?"]
[White "Siegel, R"]
[Black "Sossi, M"]
[Result "1-0"]
[WhiteElo "1416"]
[BlackElo "1479"]
[PlyCount "55"]
[EventDate "1999.??.??"]

1. d4 Nf6 2. c4 g6 3. Nf3 Bg7 4. Nc3 O-O 5. e4 d6 6. Be2 Nbd7 7. O-O e5 8. Bg5
h6 9. Bh4 c6 10. d5 g5 11. Bg3 Nc5 12. Qc2 Qb6 13. Rfd1 Nh5 14. dxc6 Qxc6 15.
Nb5 Nxe4 16. Bd3 Nhxg3 17. hxg3 f5 18. Rac1 a6 19. Bxe4 fxe4 20. Rxd6 Qc5 21.
Rd5 Qe7 22. Qxe4 axb5 23. Rxb5 Rxa2 24. Nxe5 Bxe5 25. Rxe5 Qf6 26. f3 Rxb2 27.
Re7 Rb6 28. Qh7# 1-0

[Event "Lburn-Bkami"]
[Site "?"]
[Date "1999.01.19"]
[Round "?"]
[White "Baysingar, D"]
[Black "Hammond, M"]
[Result "1-0"]
[WhiteElo "1392"]
[BlackElo "1416"]
[PlyCount "73"]
[EventDate "1999.??.??"]

1. e4 e5 2. Nf3 Nc6 3. Bb5 a6 4. Ba4 Nd4 5. Nxd4 exd4 6. O-O c5 7. c3 d3 8. Bb3
b5 9. Bd5 Ra7 10. Qf3 Nf6 11. Qxd3 Qc7 12. Qf3 Bb7 13. Bxb7 Rxb7 14. d4 Bd6 15.
e5 Rb6 16. exd6 Qxd6 17. Re1+ Kf8 18. Bf4 Qd5 19. Qxd5 Nxd5 20. dxc5 Rc6 21.
Bd6+ Rxd6 22. cxd6 g6 23. Nd2 Nf4 24. Re7 Nd3 25. Rxd7 Kg7 26. Re7 Rd8 27. Ne4
Nxb2 28. d7 Nc4 29. Rd1 Nb6 30. Nc5 Nxd7 31. Rdxd7 Rc8 32. Rxf7+ Kh6 33. Ne4
Kh5 34. Rxh7+ Kg4 35. Rdf7 Rxc3 36. Nxc3 a5 37. h3+ 1-0